| 000 | 00465nmm a2200157Ia 4500 | ||
|---|---|---|---|
| 008 | 251105s9999||||xx |||||||||||||||||und|| | ||
| 020 | _a9788497886802 | ||
| 041 | _aspa | ||
| 100 | _aGómez Cruz, Edgar | ||
| 245 | 0 | _aLas metáforas de Internet | |
| 264 |
_a[Madrid, España] : _bUniversitat Oberta de Catalunya, _c2007 |
||
| 300 | _a144 páginas | ||
| 650 | _aTechnology and computing | ||
| 856 | _uhttps://public.digitaliapublishing.com/a/20364 | ||
| 942 | _cCF | ||
| 999 |
_c90707 _d90707 |
||